[Event "Druzynowe Mistrzostwa Polski Juniorow - II liga"]
[Site "Sypniewo k. Jastrowia"]
[Date "2023-06-20"]
[Round "7.16"]
[White "Nagly, Krzysztof"]
[Black "Bilochenko, Matvii"]
[Result "1-0"]
[WhiteTitle "II"]
[BlackTitle "II+"]
[WhiteElo "1459"]
[BlackElo "1438"]

1. e4 2. c5 3. Nf3 4. g6 5. c3 6. Nf6 7. e5 8. Nd5 9. d4 10. cxd4 11. cxd4 12.
Nc6 13. Bc4 14. Nb6 15. Bb3 16. d5 17. h3 18. Bg7 19. O-O 20. O-O 21. Re1 22.
e6 23. Nc3 24. a6 25. Bd2 26. Bd7 27. Rc1 28. h6 29. Na4 30. Nxa4 31. Bxa4 32.
Qb6 33. Qb3 34. Qxb3 35. Bxb3 36. Rfc8 37. Nh2 38. Nxd4 39. Rc3 40. h5 41. g4
42. hxg4 43. hxg4 44. Rxc3 45. bxc3 46. Nc6 47. f4 48. b5 49. g5 50. Rb8 51. Kf2
52. Na5 53. Ng4 54. Nc4 55. Bc1 56. a5 57. Nf6+ 58. Bxf6 59. gxf6 60. Rc8 61.
Rh1 62. Bc6 63. Rh3 64. Rb8 65. Bxc4 66. dxc4 67. f5 68. exf5 69. Bh6 70. Bf3
71. Kxf3 72. g5 73. Rh5 74. g4+ 75. Kf4 1-0

[Event "Druzynowe Mistrzostwa Polski Juniorow - II liga"]
[Site "Sypniewo k. Jastrowia"]
[Date "2023-06-20"]
[Round "7.17"]
[White "Lopusiewicz, Marta"]
[Black "Nagly, Malgorzata"]
[Result "1-0"]
[WhiteTitle "II+"]
[BlackTitle "II"]
[WhiteElo "1153"]
[BlackElo "1021"]

1. Nf3 2. d5 3. d4 4. c5 5. e3 6. Nc6 7. g3 8. Bf5 9. c3 10. c4 11. b3 12. b5 13.
bxc4 14. bxc4 15. Qa4 16. Qb6 17. Ne5 18. Rc8 19. Nxc6 20. Rxc6 21. Nd2 22. Qa6
23. Qxa6 24. Rxa6 25. Bg2 26. e6 27. e4 28. Bxe4 29. Bxe4 30. dxe4 31. Nxe4 32.
Ne7 33. Nd2 34. Nd5 35. Bb2 36. Ba3 37. Bxa3 38. Rxa3 39. Nxc4 40. Rxc3 41. Nd6+
42. Ke7 43. Nb5 44. Rc4 45. Nxa7 46. Rb8 47. a4 48. Nc3 49. O-O 50. Ne2+ 51. Kg2
52. Nxd4 53. Rfc1 54. Rbb4 55. Rxc4 56. Rxc4 57. Nb5 58. Nxb5 59. axb5 60. Rb4
61. Ra7+ 62. Kf6 63. Rb7 64. g5 65. b6 66. Kg6 67. Rb8 68. f5 69. b7 70. e5 71.
Rg8+ 72. Kh5 73. b8=Q 74. Rxb8 75. Rxb8 76. f4 77. Re8 78. fxg3 79. Kxg3 80. Kg6
81. Rxe5 82. h5 83. h4 84. g4 85. Re6+ 86. Kh7 87. Kf4 88. Kg7 89. Kg5 90. Kf7
91. Ra6 92. Kg7 93. Ra7+ 94. Kf8 95. Kf6 96. Ke8 97. Kg6 98. Kf8 99. Kxh5 100.
Ke8 101. Kxg4 1-0

[Event "Druzynowe Mistrzostwa Polski Juniorow - II liga"]
[Site "Sypniewo k. Jastrowia"]
[Date "2023-06-20"]
[Round "7.18"]
[White "Popczynska, Michalina"]
[Black "Michalska, Lena"]
[Result "1/2-1/2"]
[WhiteTitle "I"]
[BlackTitle "I"]
[WhiteElo "1457"]
[BlackElo "1461"]

1. e4 2. c5 3. Nf3 4. g6 5. d4 6. cxd4 7. Qxd4 8. Nf6 9. Nc3 10. Nc6 11. Qa4 12.
Bg7 13. e5 14. Ng8 15. Bf4 16. a6 17. O-O-O 18. f6 19. exf6 20. Nxf6 21. Ng5 22.
Qb6 23. Qc4 24. e6 25. Be3 26. Qb4 27. Qxb4 28. Nxb4 29. Bc5 30. Nc6 31. Bd6 32.
b5 33. Nge4 34. Nd8 35. Bd3 36. Bb7 37. Nxf6+ 38. Bxf6 39. Ne4 40. Bg7 41. f3
42. Bc6 43. Rhe1 44. Nf7 45. Bc5 46. a5 47. c3 48. Rc8 49. Nd6+ 50. Nxd6 51. Bxd6
52. b4 53. c4 54. Bb5 55. b3 56. Bc6 57. Be5 58. Bxe5 59. Rxe5 60. Ra8 61. Be4
62. Bxe4 63. Rxe4 64. Ke7 65. Red4 66. Ra7 67. Kb2 68. Rc8 69. a3 70. Rc5 71.
a4 72. Rac7 73. R1d2 74. h6 75. Rh4 76. h5 77. Rhd4 1/2-1/2

[Event "Druzynowe Mistrzostwa Polski Juniorow - II liga"]
[Site "Sypniewo k. Jastrowia"]
[Date "2023-06-20"]
[Round "7.19"]
[White "Stepinski, Piotr"]
[Black "Szymkiewicz, Witold"]
[Result "1-0"]
[WhiteTitle "I"]
[BlackTitle "I+"]
[WhiteElo "1845"]
[BlackElo "1820"]

1. e4 2. e6 3. d4 4. d5 5. Nd2 6. c5 7. exd5 8. Qxd5 9. Ngf3 10. cxd4 11. Bc4 12.
Qd8 13. O-O 14. Nc6 15. Nb3 16. Nf6 17. Nbxd4 18. Nxd4 19. Qxd4 20. Qxd4 21. Nxd4
22. a6 23. Be2 24. Be7 25. Re1 26. O-O 27. Bf3 28. Rd8 29. c3 30. Nd5 31. a3 32.
Bf6 33. Nc2 34. Bd7 35. Bxd5 36. exd5 37. Be3 38. Ba4 39. Nd4 40. h5 41. Nf3 42.
Re8 43. Bd4 44. Bxd4 45. Nxd4 46. g6 47. f3 48. f6 49. Kf2 50. Kf7 51. Rxe8 52.
Rxe8 53. Re1 54. Re5 55. Re2 56. Bd7 57. Rd2 58. g5 59. g3 60. Ke7 61. Nc2 62.
Bc6 63. Nb4 64. Kd6 65. Nd3 66. Re8 67. Nb4 68. Re5 69. Nc2 70. Re8 71. Ne3 72.
Ke6 73. Rd4 74. Re7 75. h4 76. Rf7 77. Ng2 78. Kd6 79. Ne3 80. Ke6 81. Nc2 82.
Rf8 83. Nb4 84. Rd8 85. Nd3 86. Rg8 87. Rb4 88. Kd6 89. Rd4 90. Ke6 91. Nc5+ 92.
Kd6 93. Ne4+ 94. Ke6 95. Nd2 96. Rg7 97. Nb3 98. Rg8 99. Rd2 100. Rd8 101. Nd4+
102. Kf7 103. Re2 104. gxh4 105. gxh4 106. Bd7 107. Rd2 108. Re8 109. Ne2 110.
Bc6 111. Nd4 112. Re5 113. Re2 114. Ke7 115. Re1 116. Kf7 117. f4 118. Rxe1 119.
Kxe1 120. Bd7 121. Kd2 122. Ke7 123. Ke3 124. Kd6 125. b3 126. Bc8 127. Ne2 128.
Kc5 129. Nd4 130. Kd6 131. b4 132. Bd7 133. Ne2 134. Bg4 135. Ng3 136. Ke6 137.
a4 138. Kd6 139. Kd4 140. Kc6 141. Nf1 142. Kd6 143. Ne3 144. Be6 145. a5 146.
Kc6 147. Nf1 148. Kd6 149. Ng3 150. Bf7 151. c4 152. dxc4 153. Ne4+ 154. Ke6 155.
Nc5+ 156. Kf5 157. Nxb7 158. Kxf4 159. b5 160. c3 161. bxa6 162. c2 163. Nc5 164.
Be8 165. a7 166. Bc6 167. a6 168. f5 169. Nb7 170. c1=Q 171. a8=Q 172. Qg1+ 173.
Kc4 174. Qc1+ 175. Kb4 176. Bd5 177. Qb8+ 178. Kg4 179. Qe5 180. Qb1+ 181. Kc5
182. Bxb7 183. Qg7+ 184. Kxh4 185. axb7 186. Qc2+ 187. Kb6 188. Qb3+ 189. Kc7
190. Qc4+ 191. Kd8 192. Qd5+ 193. Ke8 194. Qb5+ 195. Qd7 196. Qb6 197. Qd8+ 198.
Qxd8+ 199. Kxd8 200. f4 201. b8=Q 202. Kg3 203. Ke7 204. h4 205. Kf6 206. h3 207.
Kg5 208. Kg2 209. Kg4 210. h2 211. Qxf4 212. h1=Q 213. Qd2+ 214. Kf1 215. Qd1+
216. Kg2 217. Qe2+ 218. Kg1 219. Kg3 220. Qa8 221. Qe1# 1-0

[Event "Druzynowe Mistrzostwa Polski Juniorow - II liga"]
[Site "Sypniewo k. Jastrowia"]
[Date "2023-06-20"]
[Round "7.20"]
[White "Wieckowski, Michal"]
[Black "Haladaj, Adam"]
[Result "1-0"]
[WhiteTitle "I"]
[BlackTitle "I"]
[WhiteElo "1612"]
[BlackElo "1620"]

1. d4 Nf6 2. c4 3. g6 4. Nc3 5. Bg7 6. e4 7. d6 8. Be2 9. O-O 10. Bg5 11. c5 12.
d5 13. e6 14. Nf3 15. exd5 16. cxd5 17. h6 18. Bh4 19. g5 20. Bg3 21. Nh5 22.
Nd2 23. Nxg3 24. hxg3 25. a6 26. a4 27. Nd7 28. Nc4 29. Qe7 30. Qc2 31. Rb8 32.
Ne3 33. Ne5 34. f4 35. gxf4 36. gxf4 37. Ng6 38. g3 39. Bd7 40. Nf5 41. Bxf5 42.
exf5 43. Qe3 44. fxg6 45. Qxg3+ 46. Kd1 47. fxg6 48. Qd3 49. Qxf4 50. Qxg6 51.
Rf6 52. Qg4 53. Qe5 54. Rg1 55. Qe7 56. Ne4 57. Rf7 58. Qe6 59. Qh4 60. Kc2 61.
Rf8 62. Raf1 63. b5 64. Rxf7 65. Rxf7 66. Nxd6 67. Qxa4+ 68. Kb1 69. Qd4 70. Qxf7+
71. Kh8 72. Qxg7+ 73. Qxg7 74. Rxg7 75. Kxg7 76. Ne4 77. Kg6 78. Nxc5 79. Kf6
80. d6 1-0

[Event "Druzynowe Mistrzostwa Polski Juniorow - II liga"]
[Site "Sypniewo k. Jastrowia"]
[Date "2023-06-20"]
[Round "7.21"]
[White "Gawlik, Olivier"]
[Black "Serafin, Franciszek"]
[Result "1/2-1/2"]
[WhiteTitle "II+"]
[BlackTitle "II"]
[WhiteElo "1530"]
[BlackElo "1257"]

1. e4 2. c5 3. Nf3 4. e6 5. d4 6. cxd4 7. Nxd4 8. Nc6 9. Bf4 10. a6 11. Nxc6 12.
bxc6 13. c4 14. Bb4+ 15. Bd2 16. Bxd2+ 17. Qxd2 18. Nf6 19. Nc3 20. d5 21. O-O-O
22. Bb7 23. Qg5 24. O-O 25. h4 26. Qb6 27. e5 28. Ne4 29. Nxe4 30. dxe4 31. Qf4
32. c5 33. h5 34. h6 35. Rh3 36. Rad8 37. Rxd8 38. Rxd8 39. Rg3 40. Qa5 41. b4
42. Qxb4 43. Rxg7+ 44. Kxg7 45. Qf6+ 46. Kg8 47. Qxd8+ 48. Kh7 49. Qd2 50. Qa4
51. Kb2 52. Qc6 53. Qd8 54. Qc8 55. Qe7 56. Kg8 57. Qd6 58. Qf8 59. Qb6 60. Qc8
61. g4 62. Qd7 63. Kc1 64. e3 65. fxe3 66. Bf3 67. Qb8+ 68. Kg7 69. Qd6 70. Qa4
71. Qd2 72. Bxg4 73. Be2 74. Qa3+ 75. Kd1 76. Bxe2+ 1/2-1/2

[Event "Druzynowe Mistrzostwa Polski Juniorow - II liga"]
[Site "Sypniewo k. Jastrowia"]
[Date "2023-06-20"]
[Round "7.22"]
[White "Okragly, Natan"]
[Black "Skrzypiec, Franciszek"]
[Result "1/2-1/2"]
[WhiteTitle "II"]
[BlackTitle "II"]
[WhiteElo "1177"]
[BlackElo "1230"]

1. d4 2. Nf6 3. c4 4. c5 5. e3 6. cxd4 7. exd4 8. d5 9. Be3 10. Nc6 11. Nc3 12.
Bf5 13. Nf3 14. e6 15. a3 16. Be7 17. cxd5 18. Nxd5 19. Bb5 20. Rc8 21. Rc1 22.
O-O 23. O-O 24. a6 25. Nxd5 26. Qxd5 27. Bc4 28. Qd6 29. b4 30. Rfd8 31. Qe2 32.
Bf6 33. Rfd1 34. Bg4 35. d5 36. Bxf3 37. gxf3 38. exd5 39. Bxd5 40. Nd4 41. Bxd4
42. Qxd5 43. Rxc8 44. Qg5+ 45. Kh1 46. Rxc8 47. Be3 48. Qe5 49. Qd3 50. h6 51.
Qe4 52. Qc7 53. Rc1 54. Qd7 55. Rxc8+ 56. Qxc8 57. Kg2 58. b5 59. Bd4 60. Bg5
61. Be3 62. Bf6 63. Bd4 64. Qd8 65. Bxf6 66. Qxf6 67. Qe8+ 68. Kh7 69. Qe4+ 70.
g6 71. Qb7 72. h5 73. Qa7 74. g5 75. Qb7 76. Kg6 77. Qe4+ 78. Qf5 79. Qc6+ 80.
Qe6 81. Qe4+ 82. Qxe4 83. fxe4 84. Kf6 85. Kf3 86. Ke5 87. Ke3 88. f5 89. exf5
90. Kxf5 91. Kf3 92. g4+ 93. Kg3 94. Kg5 95. f3 96. h4+ 97. Kg2 98. Kf4 99. fxg4
100. Kxg4 101. h3+ 1/2-1/2

[Event "Druzynowe Mistrzostwa Polski Juniorow - II liga"]
[Site "Sypniewo k. Jastrowia"]
[Date "2023-06-20"]
[Round "7.23"]
[White "Banasiak, Adrianna"]
[Black "Walewska, Natalia"]
[Result "1-0"]
[WhiteTitle "I"]
[BlackTitle "I"]
[WhiteElo "1507"]
[BlackElo "1267"]

1. e4 2. e5 3. Nf3 4. Nc6 5. d4 6. exd4 7. Nxd4 8. Bc5 9. Be3 10. Qf6 11. Nb5 12.
Bxe3 13. fxe3 14. Qd8 15. Qg4 16. g6 17. N1c3 18. a6 19. Nd4 20. Nf6 21. Qf4 22.
Nh5 23. Qh6 24. d6 25. Be2 26. Nf6 27. O-O-O 28. Qe7 29. Rhf1 30. Rf8 31. Qg7
32. Ng4 33. Nd5 34. Qxe4 35. Nxc7+ 36. Ke7 37. Nxc6+ 38. bxc6 39. Nxa8 40. Qxe3+
41. Kb1 42. Qc5 43. Bxg4 44. Bxg4 45. Rde1+ 46. Be6 47. Qf6+ 48. Kd7 49. Rxe6
50. fxe6 51. Qxf8 52. Qf5 53. Rxf5 54. exf5 55. Qf7+ 56. Kd8 57. Nb6 58. a5 59.
Qd7# 1-0

[Event "Druzynowe Mistrzostwa Polski Juniorow - II liga"]
[Site "Sypniewo k. Jastrowia"]
[Date "2023-06-20"]
[Round "7.25"]
[White "Wolak, Maciej"]
[Black "Lechowski, Witold"]
[Result "1-0"]
[WhiteTitle "II"]
[BlackTitle "I"]
[WhiteElo "1317"]
[BlackElo "1635"]

1. e4 2. c5 3. Nf3 4. d6 5. d4 6. cxd4 7. Nxd4 8. Nf6 9. Nc3 10. a6 11. Nb3 12.
e5 13. Bg5 14. Be7 15. a4 16. Be6 17. Bxf6 18. Bxf6 19. Be2 20. O-O 21. O-O 22.
Nc6 23. Nd5 24. Bg5 25. Nd2 26. f5 27. Bf3 28. Bxd2 29. Qxd2 30. Nd4 31. Qd3 32.
Rc8 33. c3 34. Nb3 35. Rad1 36. Bxd5 37. Qxd5+ 38. Kh8 39. Qxb3 40. fxe4 41. Bxe4
42. Qh4 43. Qc2 44. Rc4 45. f3 46. Rf6 47. b3 48. Rc7 49. c4 50. Rh6 51. h3 52.
Qg3 53. Kh1 54. Rf7 55. Qf2 56. Qg5 57. c5 58. dxc5 59. Qd2 60. Qxd2 61. Rxd2
62. g6 63. Rfd1 64. b5 65. axb5 66. axb5 67. Rd8+ 68. Kg7 69. R8d7 70. Rh4 71.
Rxf7+ 72. Kxf7 73. Rc1 74. c4 75. bxc4 76. bxc4 77. Rxc4 78. Kf6 79. Kh2 80. Rh5
81. Rc6+ 82. Kg5 83. Re6 84. Kf4 85. g3+ 86. Ke3 87. g4 88. Rh6 89. Rxe5 90. Kf2
91. Re6 92. Rh4 93. Rf6 94. Rh6 95. f4 96. Rh4 97. f5 98. g5 99. Bg2 100. h6 101.
Rg6 102. h5 103. Rh6 104. hxg4 105. Rxh4 106. g3+ 107. Kh1 108. gxh4 109. f6 110.
Ke1 111. f7 1-0

[Event "Druzynowe Mistrzostwa Polski Juniorow - II liga"]
[Site "Sypniewo k. Jastrowia"]
[Date "2023-06-20"]
[Round "7.26"]
[White "Czak, Dominik"]
[Black "Khimichenko, Dmytro"]
[Result "0-1"]
[WhiteTitle "I"]
[BlackTitle "I"]
[WhiteElo "1583"]
[BlackElo "1457"]

1. d4 2. Nf6 3. c4 4. c5 5. d5 6. b5 7. cxb5 8. a6 9. bxa6 10. Bxa6 11. g3 12.
d6 13. Bg2 14. g6 15. Bd2 16. Bg7 17. Bc3 18. Nbd7 19. Nh3 20. O-O 21. O-O 22.
Rb8 23. Nf4 24. Nb6 25. h4 26. Re8 27. Nd2 28. e6 29. dxe6 30. fxe6 31. Bh3 32.
Bc8 33. e4 34. e5 35. Qb3+ 36. Kh8 37. Bxc8 38. Qxc8 39. Ng2 40. Qh3 41. f4 42.
Nbd5 43. Qc2 44. Qxg2+ 45. Kxg2 46. Ne3+ 47. Kh2 48. Nxc2 49. Rac1 50. Nd4 51.
Nc4 52. Red8 53. Kg2 54. exf4 55. e5 56. Ng4 57. Rxf4 58. Nxe5 59. Bxd4 60. cxd4
61. Rxd4 62. Nxc4 63. Rdxc4 64. Rxb2+ 65. R1c2 66. Rxc2+ 67. Rxc2 68. Be5 69.
g4 70. Ra8 71. g5 72. Ra7 73. Kh3 74. Kg7 75. Kg4 76. Kf7 77. Rc4 78. Ke6 79.
a4 80. d5 81. Rb4 82. Kd6 83. Kf3 84. Kc5 85. Rb5+ 86. Kc4 87. Rb6 88. Bd4 89.
Rc6+ 90. Bc5 91. h5 92. Rg7 93. Kg4 94. d4 95. Rf6 96. d3 0-1

[Event "Druzynowe Mistrzostwa Polski Juniorow - II liga"]
[Site "Sypniewo k. Jastrowia"]
[Date "2023-06-20"]
[Round "7.27"]
[White "Pekala, Dawid"]
[Black "Galla, Wiktor"]
[Result "1-0"]
[WhiteTitle "I"]
[BlackTitle "II"]
[WhiteElo "1534"]
[BlackElo "1479"]

1. e4 2. e6 3. d4 4. d5 5. Nc3 6. Bb4 7. e5 8. Ne7 9. Bd2 10. Bxc3 11. Bxc3 12.
c5 13. Nf3 14. c4 15. a4 16. Nbc6 17. b3 18. cxb3 19. cxb3 20. Bd7 21. b4 22.
Rc8 23. Qd2 24. Ng6 25. b5 26. Nce7 27. Bd3 28. Nf5 29. Bxf5 30. exf5 31. Bb4
32. Nh4 33. Nxh4 34. Qxh4 35. O-O 36. Rc4 37. f4 38. Be6 39. Rac1 40. Qd8 41.
Rfd1 42. Rxc1 43. Rxc1 44. f6 45. Bd6 46. fxe5 47. fxe5 48. Kd7 49. Rc7+ 50. Qxc7
51. Bxc7 52. Kxc7 53. Qb4 54. Re8 55. Qd6+ 56. Kc8 57. a5 58. b6 59. axb6 60.
axb6 61. Qxb6 62. Bg8 63. Qc6+ 64. Kd8 65. b6 66. Re6 67. Qc7+ 1-0

[Event "Druzynowe Mistrzostwa Polski Juniorow - II liga"]
[Site "Sypniewo k. Jastrowia"]
[Date "2023-06-20"]
[Round "7.28"]
[White "Pelczarski, Wojciech"]
[Black "Wolak, Jan"]
[Result "1/2-1/2"]
[WhiteTitle "II"]
[BlackTitle "II"]
[WhiteElo "1398"]
[BlackElo "1394"]

1. Nf3 2. c5 3. c3 4. Nf6 5. d4 6. e6 7. g3 8. b6 9. Bg2 10. Bb7 11. Bg5 12. Be7
13. O-O O-O 14. Nbd2 15. h6 16. Bxf6 17. Bxf6 18. e4 19. d6 20. Qc2 21. Nd7 22.
Rfe1 23. Qc7 24. Qd3 25. Rac8 26. e5 27. dxe5 28. dxe5 29. Nxe5 30. Nxe5 Rfd8
31. Qc2 32. Bxg2 33. Nxf7 34. Rxd2 35. Qxd2 Bd5 36. Nxh6+ gxh6 37. Qxh6 38. Qg7
39. Qe3 40. Qg4 41. Rad1 42. Kf7 43. f4 44. Rh8 45. Rd2 46. Qf5 47. a3 c4 48.
Ree2 Be7 49. Qe5 Bc5+ 50. Kf1 Qh3+ 51. Rg2 Bxg2+ 52. Rxg2 53. Re8 54. Qc7+ Re7
55. Qc6 56. Qh5 57. Rd2 58. Qh3+ 59. Ke1 60. Qf5 61. h4 62. Qb1+ 63. Ke2 64. Qg1
65. Qf3 66. Ke8 67. Qh5+ 68. Rf7 69. Qf3 70. Ke7 71. Qg4 72. Qe3+ 73. Kd1 Qg1+
74. Kc2 75. Qe3 76. Qg5+ Rf6 77. Qg7+ Rf7 78. Qg5+ 1/2-1/2

[Event "Druzynowe Mistrzostwa Polski Juniorow - II liga"]
[Site "Sypniewo k. Jastrowia"]
[Date "2023-06-20"]
[Round "7.29"]
[White "Szopa, Emilia"]
[Black "Janikowska, Wiktoria"]
[Result "1-0"]
[WhiteTitle "I++"]
[BlackTitle "I+"]
[WhiteElo "1697"]
[BlackElo "1636"]

1. e4 2. c5 3. Nf3 4. d6 5. d4 6. cxd4 7. Nxd4 8. Nf6 9. Nc3 10. a6 11. f4 12.
e5 13. Nb3 14. Nc6 15. Be2 16. b5 17. a3 18. Be7 19. O-O 20. exf4 21. Bxf4 22.
Ne5 23. Nd5 24. O-O 25. Nd4 26. Nxd5 27. exd5 28. Bf6 29. c3 30. Ng6 31. Bg3 32.
Bh4 33. Bxh4 34. Qxh4 35. a4 36. bxa4 37. Rxa4 38. Qg5 39. Nf3 40. Qe3+ 41. Kh1
42. Rb8 43. Ra2 44. Nf4 45. Bc4 46. Bb7 47. Re1 48. Qf2 49. b4 50. Qb6 51. Qd2
52. Ng6 53. h4 54. Qd8 55. Qd4 56. Re8 57. Rxe8+ 58. Qxe8 59. Bxa6 60. Bxa6 61.
Rxa6 62. Rd8 63. h5 64. Ne7 65. Qe4 66. Qd7 67. Ra1 68. Nf5 69. Qg4 70. h6 71.
b5 72. Ne3 73. Qe4 74. Re8 75. Qd3 76. Qg4 77. Ra2 78. Qxh5+ 79. Kg1 80. Qxd5
81. Rd2 82. Qc5 83. Nd4 84. Nc4 85. Ra2 86. Ne5 87. Qe3 88. Rc8 89. Ra6 90. Nc4
91. Qe4 92. Qh5 93. Qf5 94. Qxf5 95. Nxf5 96. d5 97. Ne7+ 1-0

[Event "Druzynowe Mistrzostwa Polski Juniorow - II liga"]
[Site "Sypniewo k. Jastrowia"]
[Date "2023-06-20"]
[Round "7.31"]
[White "Bajer, Tomasz"]
[Black "Mosny, Kamil"]
[Result "1-0"]
[WhiteTitle "I"]
[BlackTitle "I"]
[WhiteElo "1485"]
[BlackElo "1715"]

1. Nf3 2. d5 3. d4 4. e6 5. c4 6. a6 7. g3 8. dxc4 9. Bg2 10. b5 11. O-O 12. Bb7
13. b3 14. cxb3 15. Qxb3 16. Nf6 17. Rd1 18. Nbd7 19. Nc3 20. Be7 21. Ne5 22.
Bxg2 23. Kxg2 24. Nxe5 25. dxe5 26. Nd7 27. Ne4 28. Qc8 29. Bb2 30. O-O 31. Qf3
32. Kh8 33. Rac1 34. Nb6 35. Nd6 36. Bxd6 37. exd6 38. Nc4 39. d7 40. Qd8 41.
Bd4 42. f6 43. Qc6 44. Rf7 45. Bc3 46. Nd6 47. Ba5 48. Rxd7 49. Bxc7 50. Rxc7
51. Qxc7 52. Qxc7 53. Rxc7 54. Ne8 55. Rcd7 56. Kg8 57. Rd8 58. Rxd8 59. Rxd8
60. Kf7 61. Rd7+ 62. Kf8 63. Ra7 64. a5 65. Rxa5 66. Nd6 67. Ra6 68. Ke7 69. Ra7+
70. Kf8 71. Rd7 72. Nc4 73. Rb7 74. Nd6 75. Rb6 76. Ke7 77. e3 78. e5 79. Kf3
80. Ke6 81. Ke2 82. h6 83. Kd3 84. Kd5 85. Rb8 86. Kc5 87. Rg8 88. Kb4 89. Rxg7
90. Ka3 91. Ra7+ 92. Kb2 93. Ra6 94. Nc4 95. a4 96. e4+ 97. Kd4 98. Na3 99. axb5
100. Nxb5+ 101. Kxe4 102. Nc3+ 1-0

[Event "Druzynowe Mistrzostwa Polski Juniorow - II liga"]
[Site "Sypniewo k. Jastrowia"]
[Date "2023-06-20"]
[Round "7.32"]
[White "Bochenek, Piotr"]
[Black "Spytek, Hubert"]
[Result "0-1"]
[WhiteTitle "II"]
[BlackTitle "II+"]
[WhiteElo "1294"]
[BlackElo "1440"]

1. d4 2. Nf6 3. c4 4. g6 5. Nc3 6. d5 7. cxd5 8. Nxd5 9. e4 10. Nxc3 11. bxc3 12.
Bg7 13. Bc4 14. c5 15. Ne2 16. Nc6 17. Be3 18. O-O 19. O-O 20. Qc7 21. Rc1 22.
Na5 23. Bd3 24. b6 25. Qd2 26. Bb7 27. Bh6 28. Rfd8 29. Bxg7 30. Kxg7 31. Rfd1
32. Rd7 33. Qe3 34. Rad8 35. Bb5 36. Bc6 37. c4 38. cxd4 39. Rxd4 40. e5 41. Rxd7
42. Qxd7 43. Nc3 44. Qd2 45. Nd5 46. Qxe3 47. fxe3 48. Bxb5 49. cxb5 50. Rd7 51.
Kf2 52. Nb7 53. Nb4 54. Nd6 55. Nc6 56. f6 57. a4 58. Nxe4+ 59. Kf3 60. Nd2+ 61.
Ke2 62. Ne4 63. Kf3 64. Nc5 65. Rc4 66. Kf7 67. Rh4 68. e4+ 69. Ke2 70. Ke6 71.
Nd4+ 72. Ke5 73. Nc6+ 74. Kd5 75. Rf4 76. f5 77. g4 78. fxg4 79. Rxg4 80. Nxa4
81. Rg5+ 82. Kd6 83. Re5 84. Nc3+ 85. Kd2 86. Nxb5 0-1

[Event "Druzynowe Mistrzostwa Polski Juniorow - II liga"]
[Site "Sypniewo k. Jastrowia"]
[Date "2023-06-20"]
[Round "7.33"]
[White "Nowakowski, Maksymilian"]
[Black "Smolinski, Wojciech"]
[Result "0-1"]
[WhiteTitle "I"]
[BlackTitle "II"]
[WhiteElo "1646"]
[BlackElo "1472"]

1. Nf3 2. Nf6 3. c4 4. d5 5. cxd5 6. Nxd5 7. e4 8. Nb6 9. d4 10. g6 11. h3 12.
Bg7 13. Be2 14. O-O 15. O-O 16. Nc6 17. Be3 18. e5 19. d5 20. Ne7 21. Qb3 22.
c6 23. dxc6 24. Nxc6 25. Bc5 26. Re8 27. Rd1 28. Nd4 29. Qd3 30. Na4 31. Ba3 32.
Bd7 33. Nxd4 34. exd4 35. b3 36. Nc3 37. Nxc3 38. dxc3 39. Qxd7 40. Qa5 41. Qa4
42. Qxa4 43. bxa4 44. c2 45. Rf1 46. Bxa1 47. Rxa1 48. Rxe4 49. Bd3 50. Rxa4 51.
Bc1 52. Rc8 53. Kf1 54. Rd4 55. Ke2 56. Rc3 57. Bb5 58. a6 59. Bb2 60. c1=Q 61.
Bxc1 62. axb5 63. Bb2 64. Rc2+ 65. Ke3 66. Rdd2 0-1

[Event "Druzynowe Mistrzostwa Polski Juniorow - II liga"]
[Site "Sypniewo k. Jastrowia"]
[Date "2023-06-20"]
[Round "7.35"]
[White "Gornisiewicz, Natalia"]
[Black "Trybus, Dominika"]
[Result "0-1"]
[WhiteTitle "I++"]
[BlackTitle "I++"]
[WhiteElo "1533"]
[BlackElo "1555"]

1. d4 2. d5 3. Nf3 4. e6 5. g3 6. a6 7. Bg2 8. Nf6 9. b3 10. Ne4 11. O-O 12. Be7
13. Bb2 14. O-O 15. Nbd2 16. f5 17. Ne5 18. Nd7 19. f3 20. Nef6 21. e4 22. Nxe5
23. dxe5 24. Bc5+ 25. Kh1 26. Nd7 27. exd5 28. exd5 29. Re1 30. f4 31. Nf1 32.
Nb6 33. Qd2 34. fxg3 35. Nxg3 36. Be6 37. f4 38. c6 39. Rf1 40. Qd7 41. Qc3 42.
Qe7 43. f5 44. d4 45. Qd3 46. Bd5 47. Rae1 48. Bxg2+ 49. Kxg2 50. Rad8 51. f6
52. Qe6 53. Ne4 54. Qxe5 55. Rf3 56. Nd5 57. Ref1 58. Nxf6 59. Qc4+ 60. Kh8 61.
Nxc5 62. b5 63. Qb4 64. a5 65. Qxa5 66. Qxc5 67. Qd2 68. Qd5 69. Qf4 70. Rfe8
71. Rf2 72. Re4 73. Qf5 74. Re5 75. Qf4 76. c5 77. Bc1 78. Rde8 79. Bd2 80. h6
81. Kf1 82. Ne4 83. Rg2 84. Nxd2+ 85. Rxd2 86. Qe6 87. Rdf2 88. Rg5 89. Rg3 90.
Re5 91. Rgf3 92. Re1+ 93. Kg2 94. Ra1 95. Qf5 96. Qc6 97. Qf7 98. Rxa2 99. Kg3
100. Raa8 101. Rg2 102. Qd6+ 103. Kf2 104. Qe5 105. Rg1 106. Qxh2+ 107. Rg2 108.
Qe5 109. Kg1 110. Ra1+ 111. Rf1 112. Rxf1+ 113. Qxf1 Qe1 0-1

[Event "Druzynowe Mistrzostwa Polski Juniorow - II liga"]
[Site "Sypniewo k. Jastrowia"]
[Date "2023-06-20"]
[Round "7.36"]
[White "Zylak, Emilia"]
[Black "Owczarek, Hanna"]
[Result "1/2-1/2"]
[WhiteTitle "II"]
[BlackTitle "I"]
[WhiteElo "1061"]
[BlackElo "1326"]

1. d4 2. Nf6 3. Nf3 4. g6 5. Bg5 6. Bg7 7. e3 8. d5 9. c4 10. c6 11. Nc3 12. O-O
13. cxd5 14. cxd5 15. Bd3 16. Nc6 17. a3 18. e6 19. Qc2 20. h6 21. Bh4 22. Qa5
23. O-O 24. a6 25. b4 26. Qd8 27. Rab1 28. Bd7 29. Rfc1 30. b5 31. Rb2 32. Ne7
33. Bg3 34. Bc6 35. Ne5 36. Rc8 37. h3 38. Qb6 39. Ra1 40. Rfd8 41. a4 42. Be8
43. Qd2 44. Nd7 45. Nf3 46. Nf6 47. Ne5 48. Nd7 49. Nf3 50. Nf6 51. Ne5 1/2-1/2

[Event "Druzynowe Mistrzostwa Polski Juniorow - II liga"]
[Site "Sypniewo k. Jastrowia"]
[Date "2023-06-20"]
[Round "7.37"]
[White "Nowicki, Bartosz"]
[Black "Jagodzinski, Jaromir"]
[Result "1-0"]
[WhiteTitle "II+"]
[BlackTitle "II+"]
[WhiteElo "1687"]
[BlackElo "1477"]

1. e4 2. e5 3. Nf3 4. Nf6 5. Nxe5 6. d6 7. Nf3 8. Nxe4 9. d4 10. d5 11. Bd3 12.
Bd6 13. O-O 14. O-O 15. c4 16. c6 17. Nc3 18. Nxc3 19. bxc3 20. dxc4 21. Bxc4
22. Bf5 23. Bg5 24. Qc7 25. h3 26. Nd7 27. Nh4 28. Bg6 29. f4 30. Nb6 31. Bb3
32. Be7 33. f5 34. Bxg5 35. fxg6 36. Bxh4 37. Bxf7+ 38. Rxf7 39. gxf7+ 40. Kf8
41. Qh5 42. Bf6 43. Rxf6 44. gxf6 45. Qh6+ 46. Ke7 47. Re1+ 48. Kd6 49. f8=Q+
50. Rxf8 51. Qxf8+ 52. Kd7 53. Qe8+ 54. Kd6 55. Qe6# 1-0